00473nam a2200181 a 4500001001300000003000900013005001700022008004100039020001000080082001300090100001900103245004100122260004500163300000900208500003500217650002000252700001900272nice12345678IN_TiNIC20260116012149.0080214s1967 lona grp 000 0 eng  ac15000a425bHUM aHumphreys, G S aEnglish GrammarbTeach Yourself Book aLondonbEnglish Universities Pressc1967 a227p aincludes index and biblioraphy aEnglish-Grammar1 aHumphreys, G S